000 00417nam a2200169Ia 4500
008 230711s9999||||xx |||||||||||||| ||und||
020 _a978-81-317-2679-2
041 _aENG
082 _a621.385
_bHA-F
100 _aHanson, George W
245 0 _aFundamentals of Nanoelectronics
250 _a1st Ed.
260 _c2009
_aNew Delhi
_bPearson
300 _a385p.
650 _aElectronics Engineering
942 _cBK
999 _c6598
_d6598